00493 2200181 4500001002100000008004100021035002000062245009400082250001000176260003000186300001600216020001800232084001600250082001000266650001300276990001100289990001100300INLIS000000000000470 ind  a0010-0722000019 aBerguru Sukses Dengan Meniru Kebiasan Tokoh-Tokoh Sukses dan Hebat SejagadcBeer Ratanani acet:1 aYogyakarta:bAraskac2017 a208c21 cm. a9786023004256 a158.1 BEE b a152.3 aMotivasi aDI.271 aDI.114